Score 0/20 Timer 05:00
13 Plays Today
% Correct
Alice's Adventures in
Wonderland
95.4%
Yertle the Turtle
94.4%
Harry Potter
93.3%
What to Expect
When You're
Expecting
91.6%
Cinderella
90.8%
Treasure Island
90.6%
The Bartender's
Bible
90.2%
Pippi in the
South Seas
88.2%
Charlotte's Web
87.6%
Bossypants
87.3%
% Correct
Anne of Green Gables
85%
Little Women
85%
The Godfather
82.1%
The Brothers
Karamazov
79.4%
The Bridges of
Madison County
73.2%
The
Fountainhead
69.5%
Bridget Jones's Diary
68.4%
Ghost World
65.3%
A Farewell to Arms
63.8%
Kiss the Girls
38.3%
Remove Ads.
Support Sporcle.
Get the best of Sporcle when you Go Orange. This ad-free experience offers more features, more stats, and more fun while also helping to support Sporcle. Thank you for becoming a member.

You're not logged in!

Compare scores with friends on all Sporcle quizzes.
OR
Log In

Show Comments

Extras

Top Quizzes Today


Score Distribution

Your Account Isn't Verified!

In order to create a playlist on Sporcle, you need to verify the email address you used during registration. Go to your Sporcle Settings to finish the process.

Report this User

Report this user for behavior that violates our Community Guidelines.

Details: